000 01220nam a2200265 i 4500
001 57668
003 ES-MaACL
005 20250826005344.0
007 t|
008 031017s1950 fr ||||1| fre d
100 1 _aDolléans, Edouard.
_945030
245 1 0 _aMouvements ouvrier et socialiste
_b: chronologie et bibliographie : Angleterre, France, Allemagne, Etats-Unis : (1750-1918) /
_cEdouard Dolléans et Michel Crozier.
260 _aParis :
_bLes Editions Ouvrières,
_c[1950] (
_fGeorges Desgrandchamps)
300 _aXVI, 381 p. ;
_c23 cm.
650 4 _915208
_aMovimiento obrero-
_zAlemania
650 4 _aMovimiento obrero
_zEstados Unidos
_9239976
650 7 _9147036
_aMovimiento obrero-
_zFrancia
650 7 _aMovimiento obrero-
_zInglaterra
_2
_9152095
700 1 _aCrozier, Michel,
_d1922-2013
_941759
852 _aES-MaACL
_jD-6537
_bR.30948
_bR.M.6128
_959885
_cSVI
_fSello en tinta azul de la Biblioteca del Ateneo de Madrid
_gAnotación manuscrita en cubierta: "8"
_zEn cubierta: "15.NOV.1951"
942 _2udc
_cMONOGRAFIA
999 _c57668
_d57668